Municipalities of Wakayama Prefecture - Statistics

General Stats
  • This quiz has been taken 307 times
  • The average score is 19 of 30
Answers on the Map
Answers color-coded by a green-red scale on the quiz's map according to % correct below.
 
Answer Stats
Answer % Correct
Wakayama 和歌山
100%
Arida 有田
79%
Kushimoto 串本
79%
Tanabe 田辺
79%
Hashimoto 橋本
78%
Shingu 新宮
78%
Shirahama 白浜
77%
Kinokawa 紀の川
74%
Koya 高野
72%
Nachikatsuura 那智勝浦
70%
Gobo 御坊
68%
Hidaka 日高
68%
Kainan 海南
68%
Iwade 岩出
65%
Aridagawa 有田川
64%
Kitayama 北山
64%
Hidakagawa 日高川
60%
Kudoyama 九度山
58%
Yuasa 湯浅
58%
Minabe みなべ
56%
Susami すさみ
54%
Kozagawa 古座川
53%
Taiji 太地
53%
Hirogawa 広川
52%
Katsuragi かつらぎ
52%
Kimino 紀美野
52%
Mihama 美浜
51%
Yura 由良
51%
Inami 印南
44%
Kamitonda 上富田
43%
No matching quizzes found
Score Distribution
Percent of People with Each Score
Percentile by Number Answered
Your Score History
You have not taken this quiz